000 00421pab a2200169 454500
008 180718b1995 xxu||||| |||| 00| 0 eng d
100 _aSubha, K.
245 _aTraining
_ban aid to empower rural women leaders.
260 _c1995
300 _ap.98-100
362 _aApr
650 _aWomen - Training of
650 _aLeadership - Training of
650 _aWomen - India
773 _aKurukshetra
909 _a29575
999 _c29575
_d29575